[Event "Druzynowe Mistrzostwa Polski Juniorow - I liga"]
[Site "Suchedniow"]
[Date "1899-12-30"]
[Round "2.24"]
[White "Moscicka, Pola"]
[Black "Gaj, Magdalena"]
[Result "1-0"]
[WhiteTitle "k"]
[BlackTitle "I"]
[WhiteElo "1769"]
[BlackElo "1272"]

1. e4 c5 2. Nf3 e6 3. d4 cxd4 4. Nxd4 a6 5. Bd3 Nc6 6. Nb3 Qc7 7. O-O Nf6 8. Nc3
Be7 9. f4 d6 10. Be3 O-O 11. a4 Bd7 12. Qf3 Rac8 13. g4 d5 14. e5 Ne8 15. Qh3
g6 16. a5 d4 17. Nxd4 Nxa5 18. g5 Nc4 19. Bxc4 Qxc4 20. Rf3 Bc5 21. Rd1 Bxd4 22.
Rxd4 Qc6 23. Ne4 h5 24. gxh6 Kh8 25. Qh4 Rg8 26. Rf2 Rc7 27. Nf6 Nxf6 28. Qxf6+
Kh7 29. Qxf7+ Kh8 30. Qf6+ Kh7 31. Qe7+ Kh8 32. Qd6 Re8 33. Rg2 Kh7 34. f5 gxf5
35. Rg7+ Kh8 36. Rxd7 Rxd7 37. Qxc6 bxc6 38. Rxd7 1-0

[Event "Druzynowe Mistrzostwa Polski Juniorow - I liga"]
[Site "Suchedniow"]
[Date "1899-12-30"]
[Round "2.25"]
[White "Kindler, Przemyslaw"]
[Black "Krzeminski, Sebastian"]
[Result "1/2-1/2"]
[WhiteTitle "k"]
[BlackTitle "I"]
[WhiteElo "2099"]
[BlackElo "1818"]

1. g3 d5 2. Bg2 c5 3. d3 Nc6 4. Nf3 Nf6 5. O-O Bg4 6. c4 e6 7. Qa4 Qa5 8. Qxa5
Nxa5 9. cxd5 Nxd5 10. Ne5 Bh5 11. g4 Bg6 12. Nc3 Nxc3 13. bxc3 f6 14. Nxg6 hxg6
15. Rb1 O-O-O 16. Rb5 b6 17. Bf4 Bd6 18. Bxd6 Rxd6 19. Rfb1 f5 20. h3 e5 21. a4
Rh4 22. Kh2 g5 23. Kg3 g6 24. Rxa5 bxa5 25. Rb5 Kd7 26. Rxc5 Ke6 27. Rxa5 Rh7
28. c4 Rc7 29. Bd5+ Kf6 30. Rb5 Rb6 31. a5 Rxb5 32. cxb5 Ke7 33. b6 axb6 34. axb6
Rc5 35. b7 Rb5 36. gxf5 gxf5 37. e4 Kd6 38. f3 Kc7 39. Bc4 f4+ 40. Kg4 Rxb7 41.
Kxg5 Kd6 42. Kf6 Rh7 43. Kf5 Rxh3 44. d4 Rh5+ 45. Kg5 Rh1 1/2-1/2

[Event "Druzynowe Mistrzostwa Polski Juniorow - I liga"]
[Site "Suchedniow"]
[Date "1899-12-30"]
[Round "2.26"]
[White "Urbanski, Wojciech"]
[Black "Putlak, Wojciech"]
[Result "1/2-1/2"]
[WhiteTitle "II"]
[BlackTitle "I"]
[WhiteElo "1723"]
[BlackElo "1938"]

1. e4 c5 2. Nf3 d6 3. d4 cxd4 4. Nxd4 Nf6 5. Nc3 a6 6. f3 e6 7. Be3 b5 8. Qd2 Bb7
9. Bd3 Nc6 10. Nxc6 Bxc6 11. O-O Be7 12. a4 b4 13. Ne2 d5 14. e5 Nd7 15. f4 Nc5
16. b3 Nxd3 17. cxd3 O-O 18. Nd4 Bd7 19. Rac1 Rc8 20. Rc2 Qa5 21. Rfc1 Bc5 22.
Nc6 Bxe3+ 23. Qxe3 Bxc6 24. Rxc6 d4 25. Qxd4 Rcd8 26. Rd6 Rc8 27. Rcc6 Rxc6 28.
Rxc6 Rd8 29. Qc4 Re8 30. Rxa6 Qd8 31. Rc6 h6 32. g3 Kh7 33. Rd6 Qb8 34. Rd7 Rc8
35. Qe4+ Kg8 36. Qb7 Rc1+ 37. Kg2 Qf8 38. Kh3 Rc3 39. Rc7 g5 40. fxg5 hxg5 41.
Kg4 Kg7 42. h4 gxh4 43. gxh4 Kg8 44. Kh5 Qg7 45. Qa8+ Kh7 46. Qe4+ Kg8 47. Qa8+
Kh7 48. Qe4+ Kg8 49. Rb7 Rc8 50. Rxb4 1/2-1/2

[Event "Druzynowe Mistrzostwa Polski Juniorow - I liga"]
[Site "Suchedniow"]
[Date "1899-12-30"]
[Round "2.27"]
[White "Godzwon, Iwo"]
[Black "Warchol, Bartosz"]
[Result "1-0"]
[WhiteTitle "I+"]
[BlackTitle "I"]
[WhiteElo "2059"]
[BlackElo "1702"]

1. e4 e5 2. Nf3 Nc6 3. Bb5 a6 4. Ba4 Nf6 5. O-O b5 6. Bb3 Be7 7. Re1 d6 8. c3 O-O
9. a4 Bb7 10. d4 exd4 11. cxd4 d5 12. e5 Ne4 13. Nc3 Nxc3 14. bxc3 b4 15. Bd2
a5 16. Rc1 bxc3 17. Bxc3 Nb4 18. Bxb4 Bxb4 19. Re3 Re8 20. Ne1 Ba6 21. Nd3 Bxd3
22. Qxd3 Re6 23. Rh3 g6 24. f4 Qd7 25. f5 Rc6 26. Rxc6 Qxc6 27. Rf3 Qc1+ 28. Rf1
Qc3 29. Qd1 c6 30. Kh1 Re8 31. Bc2 Qd2 32. Qb1 gxf5 33. Bxf5 Qxd4 34. e6 Rxe6
35. Bxe6 fxe6 36. Qc1 Qe5 37. Qxc6 Bf8 38. Qe8 Qg7 39. Qxe6+ Kh8 40. Qxd5 h6 41.
Qxa5 Kg8 42. Qd5+ Kh8 43. Qf7 Qxf7 44. Rxf7 Bb4 45. Rb7 Bc3 46. g4 1-0

[Event "Druzynowe Mistrzostwa Polski Juniorow - I liga"]
[Site "Suchedniow"]
[Date "1899-12-30"]
[Round "2.28"]
[White "Kulesza, Andrzej"]
[Black "Banach, Jakub"]
[Result "1/2-1/2"]
[WhiteTitle "I"]
[BlackTitle "II+"]
[WhiteElo "1675"]
[BlackElo "1573"]

1. e4 e6 2. d4 d5 3. Nd2 c5 4. exd5 Qxd5 5. Ngf3 cxd4 6. Bc4 Qd6 7. O-O Nf6 8.
Nb3 Nc6 9. Nbxd4 Nxd4 10. Nxd4 a6 11. c3 Qc7 12. Bb3 Bd6 13. h3 Bd7 14. Re1 O-O-O
15. Qf3 h6 16. Be3 Bh2+ 17. Kh1 Be5 18. Rac1 Rhg8 19. Kg1 g5 20. Qe2 g4 21. h4
g3 22. f3 Nh5 23. c4 Bxd4 24. Bxd4 Qf4 25. Qe4 Qxe4 26. fxe4 Bc6 27. Bc3 Rg4 28.
Bd1 Rxh4 29. Bxh5 Rxh5 30. Bf6 Rd7 31. Bc3 Rh4 32. Be5 Rd3 33. Rc3 Rxc3 34. Bxc3
Bxe4 35. Be5 Bc6 36. b3 h5 37. Re3 Re4 38. Rxe4 Bxe4 39. a3 Kd7 40. Bxg3 Kc6 41.
b4 b6 42. Bf2 Bd3 43. c5 bxc5 44. Bxc5 Kd5 45. Kf2 Kc4 46. Be3 Kb3 47. Bc1 Bb5
48. g3 Kc2 49. Bf4 Kb2 50. Ke3 Kxa3 51. Bd6 Kb3 52. Ke4 Kc3 53. Ke5 Bd3 54. Bc5
Kd2 55. Bd4 Bf5 56. Bc5 Kc3 57. Bd6 Kd3 58. Be7 Ke3 59. Bd6 Kf3 60. Kf6 Bg6 61.
Be5 Ke4 62. Bd6 Kd5 63. Bc7 Bc2 64. Bf4 Kc4 65. Bd6 Bd3 66. Ke5 Bf5 67. Kf6 Bg4
68. Ke5 f5 69. Kf4 Kb5 70. Be7 Kc6 71. Bf6 Kd5 72. Be5 Kc4 73. Bd6 Kd3 74. Be5
Ke2 75. Bd6 Kf2 76. Be5 Kg2 77. Bd6 Kh3 78. Be5 h4 79. gxh4 Kxh4 80. Bd6 Kh3 81.
Be5 1/2-1/2

[Event "Druzynowe Mistrzostwa Polski Juniorow - I liga"]
[Site "Suchedniow"]
[Date "1899-12-30"]
[Round "2.29"]
[White "Kindler, Karolina"]
[Black "Waszczuk, Patrycja"]
[Result "1-0"]
[WhiteTitle "I+"]
[BlackTitle "k"]
[WhiteElo "1714"]
[BlackElo "1867"]

1. Nf3 d5 2. e3 Nf6 3. c4 c6 4. d4 Bf5 5. Nc3 e6 6. Nh4 Bg4 7. Qb3 b6 8. h3 Bh5
9. g4 Bg6 10. Nxg6 hxg6 11. Bg2 Nbd7 12. Bd2 Qc7 13. O-O-O O-O-O 14. Kb1 Nb8 15.
Rc1 g5 16. cxd5 exd5 17. f4 gxf4 18. exf4 Kb7 19. Rhe1 Qd7 20. a4 g6 21. Bf1 Ka8
22. Kc2 Bg7 23. Ra1 Rde8 24. a5 b5 25. Bg2 a6 26. Rxe8 Rxe8 27. Re1 Rxe1 28. Bxe1
Qe8 29. Bd2 Ng8 30. Nxd5 Kb7 31. Nb4 Bxd4 32. Qd3 Qd7 33. Bc3 Bxc3 34. Qxd7+ Nxd7
35. Bxc6+ Kc7 36. Kxc3 Nc5 37. Bd5 Nh6 38. g5 Nf5 39. Bxf7 Ne7 40. Nd5+ Nxd5+
41. Bxd5 Nd7 42. Bf7 Nf8 43. Kd4 Kd6 44. b4 Ke7 45. Bd5 Kd6 46. h4 Nd7 47. Bb7
Nb8 48. Be4 Nd7 49. Bxg6 1-0

[Event "Druzynowe Mistrzostwa Polski Juniorow - I liga"]
[Site "Suchedniow"]
[Date "1899-12-30"]
[Round "2.30"]
[White "Mysliwiec, Natalia"]
[Black "Jarocka, Liwia"]
[Result "0-1"]
[WhiteTitle "I"]
[BlackTitle "I++"]
[WhiteElo "1311"]
[BlackElo "1797"]

1. e4 c5 2. Nf3 e6 3. d4 cxd4 4. Nxd4 Nf6 5. Bd3 a6 6. Qe2 Qc7 7. c4 d6 8. Nc3
Be7 9. O-O O-O 10. Bd2 b6 11. Rae1 Re8 12. Kh1 Bf8 13. f4 Bb7 14. Rf3 g6 15. Rh3
Bg7 16. Qf2 Nbd7 17. Nf3 Nf8 18. Ng5 h6 19. Nf3 h5 20. Ng5 N8d7 21. Rg3 Nc5 22.
Bb1 Bc6 23. b4 Ncd7 24. Bd3 Bb7 25. a3 Rac8 26. h3 Nh7 27. Nxh7 Kxh7 28. Bf1 Bf6
29. Rf3 Nb8 30. Nd1 Bg7 31. Rb3 Nc6 32. Rb1 Bd4 33. Qg3 Ne7 34. Nf2 f5 35. Be3
Bg7 36. Bd2 fxe4 37. Nxe4 Bxe4 38. Rxe4 Nf5 39. Qb3 h4 40. Be1 Qc6 41. Qd3 Bh6
42. Qe2 Bg7 43. Bf2 Qd7 44. Qg4 Bf6 45. Rbe1 b5 46. Qf3 bxc4 47. Bxc4 d5 48. Bxd5
exd5 49. Rxe8 Rxe8 50. Rxe8 Qxe8 51. Qxd5 Ng3+ 52. Bxg3 hxg3 53. Qd1 Qe3 54. f5
gxf5 55. Qd7+ Kg6 56. Qd1 Qxa3 57. Qe1 Qa1 58. Qxa1 Bxa1 59. Kg1 Bc3 60. b5 axb5
61. Kf1 b4 62. Ke2 Kg5 63. Kd3 Kf4 64. Ke2 b3 65. Kd3 b2 66. Kc2 Ke3 67. h4 Kf2
68. h5 Bh8 69. h6 Kxg2 70. h7 Kf2 71. Kb1 g2 72. Kc2 g1=Q 73. Kd3 b1=Q+ 74. Kc4
Qg4+ 75. Kd5 Qb5+ 76. Kd6 Qg6+ 77. Ke7 Qb7+ 78. Kd8 Qd6+ 79. Ke8 Qde7# 0-1

[Event "Druzynowe Mistrzostwa Polski Juniorow - I liga"]
[Site "Suchedniow"]
[Date "1899-12-30"]
[Round "3.1"]
[White "Krzeminski, Sebastian"]
[Black "Pilzak, Marcin"]
[Result "0-1"]
[WhiteTitle "I"]
[BlackTitle "k"]
[WhiteElo "1818"]
[BlackElo "2010"]

1. d4 e6 2. c4 Nf6 3. Nf3 b6 4. Nc3 Bb4 5. a3 Bxc3+ 6. bxc3 d6 7. Bg5 h6 8. Bh4
O-O 9. e3 Bb7 10. Qc2 Nbd7 11. Rd1 Qe7 12. Be2 Rfe8 13. O-O Rad8 14. Nd2 e5 15.
Bg4 Nf8 16. Bf3 Bxf3 17. Bxf6 Bxd1 18. Bxe7 Bxc2 19. Bxd8 Rxd8 20. e4 Ne6 21.
Rc1 Bd3 22. f3 exd4 23. cxd4 Nxd4 24. Kf2 Nc2 25. Rb1 Nxa3 26. Rb3 Nxc4 27. Rxd3
Nxd2 28. Rxd2 Kf8 29. Ke3 Ke7 30. Kd4 Kd7 31. Rc2 c6 32. Kc4 Re8 33. Ra2 a5 34.
Rb2 b5+ 35. Kd4 c5+ 36. Kd3 Kc6 37. Ra2 a4 38. Ra1 d5 0-1

[Event "Druzynowe Mistrzostwa Polski Juniorow - I liga"]
[Site "Suchedniow"]
[Date "1899-12-30"]
[Round "3.2"]
[White "Dembinski, Bartosz"]
[Black "Urbanski, Wojciech"]
[Result "0-1"]
[WhiteTitle "II"]
[BlackTitle "II"]
[WhiteElo "1456"]
[BlackElo "1723"]

1. e4 d5 2. exd5 Qxd5 3. Nc3 Qa5 4. d3 Nf6 5. Nf3 Bg4 6. Be2 e6 7. Bd2 c6 8. Ne4
Qd8 9. Nxf6+ Qxf6 10. Bc3 Qd8 11. Qd2 Nd7 12. O-O-O f6 13. Rhe1 Bc5 14. Nd4 Bxd4
15. Bxd4 Bxe2 16. Rxe2 Kf7 17. Qf4 Re8 18. Rde1 Qa5 19. Qh4 Qxa2 20. Qh5+ Kg8
21. b3 Qa3+ 22. Kd2 Qd6 23. Re4 e5 24. Rh4 Nf8 25. Bc3 Rad8 26. Re3 b6 27. Rg3
Qe7 28. Kc1 Qf7 29. Qg4 Ng6 30. Rh5 Nf4 31. Rh4 Ng6 32. Rh5 Nf4 33. Rh4 f5 34.
Qf3 g6 35. Bxe5 Nxd3+ 36. cxd3 Rxe5 37. Qxc6 Rc5+ 38. Qxc5 bxc5 39. Kc2 Rb8 40.
Rc4 Rb4 41. Re3 Qb7 42. Re8+ Kg7 43. Rxc5 Rxb3 44. Rcc8 Rb2+ 45. Kc1 Rb1+ 46.
Kd2 Qb4+ 47. Kc2 Qb2# 0-1

[Event "Druzynowe Mistrzostwa Polski Juniorow - I liga"]
[Site "Suchedniow"]
[Date "1899-12-30"]
[Round "3.3"]
[White "Warchol, Bartosz"]
[Black "Chrost, Hugo"]
[Result "1-0"]
[WhiteTitle "I"]
[BlackTitle "II"]
[WhiteElo "1702"]
[BlackElo "1395"]

1. d4 Nf6 2. c4 g6 3. Nf3 Bg7 4. Nc3 O-O 5. Bf4 d6 6. h3 Nc6 7. e3 Nd7 8. Be2 e5
9. Bh2 f5 10. O-O e4 11. Nd2 Nf6 12. a3 a5 13. Rb1 h5 14. b4 axb4 15. axb4 h4
16. c5 dxc5 17. bxc5 g5 18. Qc2 g4 19. hxg4 fxg4 20. Ndxe4 Nxe4 21. Nxe4 h3 22.
Bg3 Kh8 23. Nd2 Qd5 24. gxh3 gxh3 25. Qe4 Qxe4 26. Nxe4 Bf5 27. f3 Ra2 28. Rbe1
Bh6 29. Bf2 Rg8+ 30. Kh1 Rg2 31. Ng3 Bxe3 32. Bxe3 Rxg3 33. d5 Nb4 34. Bd4+ Kh7
35. Bc4 Rag2 36. Re7+ Kh6 37. Be3+ Kg6 38. d6 cxd6 39. cxd6 h2 40. Bf7+ Kf6 41.
Bd4+ Kg5 42. Rxb7 Nc6 43. Be3+ Kf6 44. Bd5 Bh3 45. Bxc6 Re2 46. Bd4+ Kg5 47. f4+
Kh6 48. Rf2 Re6 49. Kxh2 Reg6 50. Be4 1-0

[Event "Druzynowe Mistrzostwa Polski Juniorow - I liga"]
[Site "Suchedniow"]
[Date "1899-12-30"]
[Round "3.5"]
[White "Waszczuk, Patrycja"]
[Black "Kostecka, Marika"]
[Result "1-0"]
[WhiteTitle "k"]
[BlackTitle "I++"]
[WhiteElo "1867"]
[BlackElo "1693"]

1. e4 c5 2. Nf3 d6 3. d4 cxd4 4. Nxd4 Nf6 5. Nc3 a6 6. Bg5 e6 7. f4 h6 8. Bh4 Qb6
9. a3 Be7 10. Bf2 Qc7 11. Bd3 Nbd7 12. Qe2 b5 13. O-O-O Rb8 14. g4 Nc5 15. h4
Nxd3+ 16. Rxd3 Nd7 17. Rdh3 b4 18. axb4 Rxb4 19. g5 Nc5 20. gxh6 Rxh6 21. e5 Bb7
22. Rg1 dxe5 23. fxe5 Bf8 24. h5 Qa5 25. Kb1 Nd7 26. Re1 Qc7 27. Kc1 Nc5 28. Rd1
Qa5 29. Kb1 Nd7 30. Re1 Qc7 31. Kc1 Nc5 32. Rg1 Qa5 33. Kb1 Nd7 34. Re1 Qc7 35.
Kc1 Nc5 36. Rg1 Qa5 37. Kb1 Nd7 38. Re1 Qc7 39. Kc1 Nc5 40. Rg1 Qa5 41. Kb1 Qc7
42. Re1 Na4 43. Nxa4 Rxa4 44. Rc3 Qd7 45. Rd1 Bd5 46. Nb3 Rc4 47. Rxc4 Bxc4 48.
Qg4 Qb5 49. Nd4 Qb7 50. Bh4 Bd5 51. c4 Ba3 52. Nb5 axb5 53. cxd5 b4 54. Qxg7 Bxb2
55. Qxh6 Qc7 56. Qh8+ 1-0

[Event "Druzynowe Mistrzostwa Polski Juniorow - I liga"]
[Site "Suchedniow"]
[Date "1899-12-30"]
[Round "3.7"]
[White "Winiarski, Mikolaj"]
[Black "Kindler, Przemyslaw"]
[Result "1-0"]
[WhiteTitle "k"]
[BlackTitle "k"]
[WhiteElo "2209"]
[BlackElo "2099"]

1. e4 g6 2. d4 Bg7 3. Nc3 d6 4. Be3 Nf6 5. f3 Nbd7 6. Qd2 c6 7. O-O-O b5 8. Bh6
Bxh6 9. Qxh6 b4 10. Nce2 Qa5 11. Kb1 Ba6 12. Nh3 O-O-O 13. Nc1 Bxf1 14. Rhxf1
Kc7 15. g4 Nb6 16. Qe3 Nc4 17. Qe2 Qb5 18. d5 cxd5 19. g5 Nd7 20. Rxd5 Qc6 21.
Nb3 Ndb6 22. Na5 Qd7 23. Nxc4 Nxd5 24. exd5 Qxh3 25. Na5 Rc8 26. Re1 e5 27. dxe6
Rhe8 28. Qc4+ Kb6 29. Qxb4+ Kc7 30. Qb7+ Kd8 31. e7+ 1-0

[Event "Druzynowe Mistrzostwa Polski Juniorow - I liga"]
[Site "Suchedniow"]
[Date "1899-12-30"]
[Round "3.8"]
[White "Paziak, Patryk"]
[Black "Chylewski, Patryk"]
[Result "1/2-1/2"]
[WhiteTitle "I"]
[BlackTitle "k"]
[WhiteElo "1745"]
[BlackElo "2162"]

1. d4 Nf6 2. Nf3 e6 3. Bg5 d5 4. e3 Be7 5. Bd3 O-O 6. O-O h6 7. Bh4 c5 8. c3 b6
9. Nbd2 Nbd7 10. Qe2 Bb7 11. e4 dxe4 12. Nxe4 cxd4 13. Nxd4 Nc5 14. Nxc5 Bxc5
15. Nf3 Be7 16. Rfd1 Qc7 17. Bg3 Qc6 18. Bb5 Qc5 19. Ne5 a6 20. Bc4 b5 21. Bb3
Rad8 22. Rxd8 Rxd8 23. Rd1 Bd5 24. Bxd5 Rxd5 25. Kf1 Ne4 26. Rxd5 Qxd5 27. a3
Bg5 28. Nd3 a5 29. f3 Nd2+ 30. Ke1 Nc4 31. Bf2 Bf6 32. Qc2 Be5 33. h3 Bf6 34.
Ke2 e5 35. Nc5 Be7 36. Ne4 f5 37. Nd2 Nd6 38. a4 e4 39. axb5 Qxb5+ 40. c4 exf3+
41. gxf3 Qe5+ 42. Kd3 Nb7 43. Qc3 Qe6 44. Kc2 Bb4 45. Qe3 Qc6 46. Qd3 Nd6 47.
Bg3 Nf7 48. Qd5 Qxd5 49. cxd5 Kf8 50. Nc4 a4 51. Kd3 Ke7 52. Ne5 Nxe5+ 53. Bxe5
g5 54. Kc4 Bd6 55. Bg7 h5 56. Kd4 a3 57. bxa3 Bxa3 58. Kc4 Bd6 59. Kd4 Bc7 60.
Kc5 h4 61. Bd4 Bd6+ 62. Kc6 g4 63. hxg4 h3 64. Bg1 fxg4 65. fxg4 h2 66. Bxh2 Bxh2
67. g5 Kf7 68. d6 Bxd6 69. Kxd6 Kg6 70. Ke5 Kxg5 71. Ke4 1/2-1/2

[Event "Druzynowe Mistrzostwa Polski Juniorow - I liga"]
[Site "Suchedniow"]
[Date "1899-12-30"]
[Round "3.9"]
[White "Sanz, Wawer Daniel"]
[Black "Godzwon, Iwo"]
[Result "1-0"]
[WhiteTitle "k"]
[BlackTitle "I+"]
[WhiteElo "1964"]
[BlackElo "2059"]

1. d4 Nf6 2. c4 g6 3. f3 d5 4. cxd5 Nxd5 5. e4 Nb6 6. Nc3 Bg7 7. Be3 O-O 8. Qd2
e5 9. d5 c6 10. h4 cxd5 11. exd5 N8d7 12. h5 Nf6 13. hxg6 fxg6 14. O-O-O Bd7 15.
Kb1 Rc8 16. d6 e4 17. fxe4 Ng4 18. Bg5 Qe8 19. Nf3 Rxc3 20. bxc3 Na4 21. Bc4+
Rf7 22. Bxf7+ Qxf7 23. Rc1 Qc4 24. Nd4 b5 25. Rhd1 Ne5 26. Qc2 Qc8 27. Qb3+ Nc4
28. Nxb5 Bxb5 29. d7 Bxd7 30. Rxd7 Qxd7 31. Qxc4+ Kh8 32. Qd5 Qe8 33. Qd8 Nxc3+
34. Kc2 Qxd8 35. Bxd8 Kg8 36. Re1 Kf7 37. Ba5 Nb5 38. Kd3 Ke6 39. Rb1 Nd6 40.
Bc7 Nc8 41. a4 h5 42. Bf4 Bf8 43. Rb8 Kd7 44. Rb7+ Ke6 45. Rc7 Nb6 46. Rxa7 Nd7
47. Ra6+ Kf7 48. Ra7 Ke6 49. a5 Be7 50. a6 Nc5+ 51. Kc4 Na4 52. Be3 Nb2+ 53. Kb3
1-0

[Event "Druzynowe Mistrzostwa Polski Juniorow - I liga"]
[Site "Suchedniow"]
[Date "1899-12-30"]
[Round "3.10"]
[White "Banach, Jakub"]
[Black "Kokoszczynski, Jan"]
[Result "0-1"]
[WhiteTitle "II+"]
[BlackTitle "k"]
[WhiteElo "1573"]
[BlackElo "1927"]

1. e4 c5 2. Nf3 d6 3. d4 cxd4 4. Nxd4 Nf6 5. Nc3 a6 6. Be2 e5 7. Nb3 Be7 8. f4
b5 9. Be3 Nbd7 10. Bf3 Bb7 11. O-O O-O 12. Qe1 b4 13. Na4 a5 14. fxe5 Nxe5 15.
Rd1 Qc7 16. Nd4 Ba6 17. Rf2 Nfg4 18. Bxg4 Nxg4 19. Rfd2 d5 20. g3 dxe4 21. Bf4
Qb7 22. Nf5 Bf6 23. Ne3 Ne5 24. Nc5 Nf3+ 25. Kh1 Qc6 26. Rd6 Qxc5 27. Qf2 Rfd8
28. R1d5 Qa7 29. Rxa5 Rxd6 30. Bxd6 Bd4 31. Bf4 Qb6 32. Rd5 Rd8 33. Rxd8+ Qxd8
34. c3 Bxe3 35. Bxe3 Qd1+ 36. Kg2 Ne1+ 37. Kh1 Nc2+ 38. Kg2 Nxe3+ 39. Qxe3 Qf1#
0-1

[Event "Druzynowe Mistrzostwa Polski Juniorow - I liga"]
[Site "Suchedniow"]
[Date "1899-12-30"]
[Round "3.11"]
[White "Olechnicka, Karolina"]
[Black "Kindler, Karolina"]
[Result "1-0"]
[WhiteTitle "k++"]
[BlackTitle "I+"]
[WhiteElo "1883"]
[BlackElo "1714"]

1. e4 c5 2. Nf3 e6 3. d4 cxd4 4. Nxd4 Nf6 5. Nc3 d6 6. g4 a6 7. g5 Nfd7 8. Be3
b5 9. a3 Nb6 10. Rg1 Bb7 11. h4 Nc6 12. h5 g6 13. Nxc6 Bxc6 14. Qd4 e5 15. Qxb6
Qc8 16. Bh3 Qb7 17. Qxb7 Bxb7 18. h6 Bc8 19. Bxc8 Rxc8 20. O-O-O Be7 21. Nd5 Bd8
22. Bb6 Bxb6 23. Nxb6 Rc6 24. Nd5 Kd7 25. Rg3 Rhc8 26. Rd2 Ke6 27. Rf3 Rf8 28.
Rf6+ Kd7 29. f4 exf4 30. Nxf4 Ke7 31. Nd5+ Ke8 32. Nb4 Rb6 33. Rfxd6 Rxd6 34.
Rxd6 Ke7 35. e5 Re8 36. Nd5+ Kf8 37. Nf6 Rxe5 38. Nd7+ Ke7 39. Nxe5 Kxd6 40. Nxf7+
Ke6 41. Nd8+ Kf5 42. Kd2 Kxg5 43. b3 Kxh6 44. c4 bxc4 45. bxc4 Kg5 46. Ke3 h5
47. Nb7 h4 48. Nc5 Kf5 49. a4 h3 50. a5 h2 51. Ne4 Ke5 52. Ng3 g5 53. Nh1 g4 54.
Ng3 Ke6 55. Ke4 Kf6 56. c5 Ke6 57. Kd4 Kf6 58. c6 Ke6 59. Kc5 Ke5 60. c7 Kf4 61.
Nh1 g3 62. c8=Q g2 63. Qc7+ Kf3 64. Qg3+ Ke2 65. Qxg2+ Ke1 66. Qc2 Kf1 67. Qf2#
1-0

[Event "Druzynowe Mistrzostwa Polski Juniorow - I liga"]
[Site "Suchedniow"]
[Date "1899-12-30"]
[Round "3.12"]
[White "Jarocka, Liwia"]
[Black "Moscicka, Pola"]
[Result "0-1"]
[WhiteTitle "I++"]
[BlackTitle "k"]
[WhiteElo "1797"]
[BlackElo "1769"]

1. e4 c6 2. d4 d5 3. Nd2 dxe4 4. Nxe4 Nd7 5. Nf3 Ngf6 6. Ng3 e6 7. Bd3 c5 8. O-O
cxd4 9. Nxd4 Bc5 10. Nf3 O-O 11. b3 b6 12. Bb2 Bb7 13. Qe2 Qc7 14. Rad1 Rfe8 15.
Nd2 e5 16. Nde4 Nd5 17. Bc4 N7f6 18. Nxf6+ Nxf6 19. Bb5 Re6 20. Bc4 Qc6 21. Ne4
Qxe4 22. Qxe4 Nxe4 23. Bxe6 fxe6 24. Bxe5 Ba6 25. c4 Rf8 26. Rd7 Bxf2+ 27. Rxf2
Rxf2 28. Rd4 Bb7 29. Rxe4 Rxg2+ 30. Kxg2 Bxe4+ 31. Kf2 Bb1 32. a3 Ba2 33. Bb8
a6 34. Ba7 Bxb3 35. Bxb6 Bxc4 36. Ke3 Kf7 37. Kd4 Bf1 38. Ke5 Bh3 39. Be3 Kg6
40. Kf4 Kh5 41. Bd4 g5+ 42. Kg3 Bf5 43. Be5 Be4 44. Bd4 Kg6 45. Be5 Kf5 46. Bc7
Bc6 47. Bb6 e5 48. Be3 g4 49. Bh6 Bd7 50. Bd2 Ke4 51. Bc3 h5 52. Kh4 Kf4 53. Kxh5
e4 54. Kg6 e3 55. Kf6 Kf3 56. Ke5 e2 57. Kd4 Kf2 58. Kc5 e1=Q 59. Bxe1+ Kxe1 60.
Kb6 Bb5 61. a4 Bxa4 62. Kxa6 Kf2 63. h4 gxh3 64. Ka5 Be8 65. Kb4 h2 66. Kc3 h1=Q
0-1

[Event "Druzynowe Mistrzostwa Polski Juniorow - I liga"]
[Site "Suchedniow"]
[Date "1899-12-30"]
[Round "3.13"]
[White "Piotrowski, Przemyslaw"]
[Black "Szpar, Milosz"]
[Result "1-0"]
[WhiteTitle "k"]
[BlackTitle "I++"]
[WhiteElo "2201"]
[BlackElo "2101"]

1. d4 d5 2. Nf3 Nf6 3. g3 e6 4. Bg2 Be7 5. O-O O-O 6. c4 Nbd7 7. Qc2 c6 8. b3 Qc7
9. Bb2 b6 10. Nbd2 Bb7 11. e4 dxe4 12. Ng5 h6 13. Ngxe4 Nxe4 14. Nxe4 Nf6 15.
Rac1 Nxe4 16. Qxe4 Bf6 17. c5 b5 18. b4 Rfd8 19. Rcd1 Rd7 20. f4 a5 21. a3 axb4
22. axb4 Ra4 23. Bc3 Ra3 24. Rf3 Qd8 25. Kh1 h5 26. h3 g6 27. g4 Rd5 28. Rfd3
hxg4 29. hxg4 Bg7 30. Qe1 Rd7 31. Qg3 Qb8 32. Qf2 Qd8 33. Qb2 Ra4 34. Rh3 Qb8
35. d5 Qf8 36. d6 Bxc3 37. Qxc3 Qg7 38. Qd2 Qf6 39. f5 exf5 40. g5 Qg7 41. Qe3
Ra8 42. Re1 Kf8 43. Qe2 Qd4 44. Qe5 Qxe5 45. Rxe5 Kg7 46. Rhe3 Kf8 47. Re7 Rad8
48. Kh2 Ba8 49. Kg3 Bb7 50. Kf4 Ba8 51. Bh1 Bb7 52. Bf3 Ba8 53. Bd1 Bb7 54. Bb3
Bc8 55. Bxf7 Rb7 56. Bxg6 Bd7 57. Rh3 Kg8 58. Bf7+ 1-0

[Event "Druzynowe Mistrzostwa Polski Juniorow - I liga"]
[Site "Suchedniow"]
[Date "1899-12-30"]
[Round "3.14"]
[White "Kozak, Antoni"]
[Black "Kanicki, Krzysztof"]
[Result "1/2-1/2"]
[WhiteTitle "I+"]
[BlackTitle "k"]
[WhiteElo "2047"]
[BlackElo "2147"]

1. e4 c5 2. Nf3 Nc6 3. Bb5 g6 4. O-O Bg7 5. Re1 Nf6 6. e5 Nd5 7. Nc3 Nc7 8. Bxc6
dxc6 9. Ne4 b6 10. Nf6+ Kf8 11. Ne4 h6 12. d3 Kg8 13. h3 Kh7 14. a4 a5 15. b3
Ne6 16. Bb2 Ra7 17. Qd2 Nd4 18. Nxd4 cxd4 19. f4 c5 20. Qf2 f5 21. Nd2 Bd7 22.
Nc4 b5 23. axb5 Bxb5 24. Ra2 Qc7 25. Rea1 Rha8 26. Ra4 Bxa4 27. Rxa4 e6 28. Bc1
Bf8 29. Bd2 Be7 30. Qf3 Bd8 31. g4 Qb7 32. Qe2 Bc7 33. Be1 Rg8 34. g5 hxg5 35.
fxg5 f4 36. Qg4 Qc8 37. Bxa5 Kg7 38. Bxc7 Rxa4 39. bxa4 Qxc7 40. Nd6 Qa5 41. Qxe6
Qe1+ 42. Kh2 Qd2+ 43. Kh1 Qd1+ 44. Kh2 Qxc2+ 45. Kh1 Qd1+ 46. Kh2 Qe2+ 47. Kh1
Qf1+ 48. Kh2 Qf2+ 49. Kh1 Rf8 50. Qe7+ Kg8 51. Ne8 Qe1+ 52. Kh2 Qg3+ 53. Kh1 Qxh3+
54. Kg1 Qe3+ 55. Kh2 Qd2+ 56. Kh1 Qd1+ 57. Kh2 Qc2+ 58. Kg1 Qb1+ 59. Kf2 Qa2+
60. Kf3 Qd5+ 61. Kf2 Qa2+ 62. Kf3 Qd5+ 63. Kf2 Qa2+ 64. Kf3 1/2-1/2

[Event "Druzynowe Mistrzostwa Polski Juniorow - I liga"]
[Site "Suchedniow"]
[Date "1899-12-30"]
[Round "3.15"]
[White "Baran, Mateusz"]
[Black "Mis, Mieszko"]
[Result "0-1"]
[WhiteTitle "II"]
[BlackTitle "I++"]
[WhiteElo "1411"]
[BlackElo "2041"]

1. e4 c6 2. d4 d5 3. e5 Bf5 4. f4 e6 5. Nf3 Nd7 6. Be3 Ne7 7. Be2 Bg6 8. Nh4 Nf5
9. Nxf5 Bxf5 10. O-O h5 11. h3 h4 12. Bd3 g6 13. Nc3 Be7 14. Ne2 Qc7 15. Rc1 Bxd3
16. Qxd3 O-O 17. Kh1 c5 18. f5 exf5 19. Bh6 Rfe8 20. Nf4 Qc6 21. e6 Nf6 22. Rfe1
Ne4 23. exf7+ Kxf7 24. Qe3 Bg5 25. Bxg5 Ng3+ 26. Kg1 Rxe3 27. Rxe3 Ne4 28. Bxh4
g5 29. Nd3 Kg7 30. Be1 cxd4 31. Nb4 Qb6 32. Rd3 a5 33. Nxd5 Qc5 34. c4 dxc3+ 35.
Kf1 Qc4 36. Bxc3+ Kh7 37. Rcd1 Nc5 38. b3 Qxd3+ 39. Rxd3 Nxd3 40. a3 Nc5 41. b4
Ne4 42. Nf6+ Nxf6 43. Bxf6 axb4 44. axb4 Kg6 45. Be7 Ra2 46. h4 gxh4 47. Bxh4
Kh5 48. Be1 Kg4 49. Kg1 f4 50. Kf1 f3 51. g3 b5 52. Kg1 Ra1 53. Kh2 Rb1 54. Bc3
f2 55. Be1 f1=Q 56. Bf2 Qxf2# 0-1

[Event "Druzynowe Mistrzostwa Polski Juniorow - I liga"]
[Site "Suchedniow"]
[Date "1899-12-30"]
[Round "3.16"]
[White "Kucharski, Bartlomiej"]
[Black "Madajczak, Piotr"]
[Result "1-0"]
[WhiteTitle "II+"]
[BlackTitle "II+"]
[WhiteElo "1742"]
[BlackElo "1479"]

1. d4 Nf6 2. f4 e6 3. Nf3 c5 4. e3 b6 5. c3 Bb7 6. Bd3 Be7 7. O-O O-O 8. Nbd2 d6
9. Qe1 Nbd7 10. Qg3 Re8 11. Qh3 Nf8 12. g4 Nd5 13. Ne4 f6 14. Bd2 Qd7 15. Rad1
Qc6 16. Ng3 b5 17. g5 f5 18. e4 fxe4 19. Bxe4 Qb6 20. f5 cxd4 21. cxd4 e5 22.
f6 Nxf6 23. Bxb7 Qxb7 24. gxf6 Bxf6 25. dxe5 dxe5 26. Bg5 Qb6+ 27. Kh1 Rad8 28.
Bxf6 Qxf6 29. Qf5 Qxf5 30. Nxf5 Ng6 31. Nd6 Rf8 32. Kg2 a6 33. Ne4 Ra8 34. Rd7
Rfd8 35. Rfd1 Rxd7 36. Rxd7 Rc8 37. Kf2 Rf8 38. Ke3 Re8 39. Rd6 Ra8 40. Re6 a5
41. Nxe5 Nf8 42. Rb6 b4 43. Nc6 a4 44. Rxb4 a3 45. b3 Ne6 46. Rb8+ Rxb8 47. Nxb8
Nc7 48. Nc6 Nd5+ 49. Kd2 Kf7 50. Ne5+ Ke6 51. Nc4 Kf5 52. Nc3 Nb4 53. Ke2 Kg4
54. Kf2 Nc2 55. Nb1 Nb4 56. Nbxa3 Nxa2 57. Nc2 Nc3 58. Nd6 Kh3 59. Kg1 g5 60.
Nd4 g4 61. N4f5 h5 62. Nf7 Ne4 63. b4 h4 64. N5d6 g3 65. Nxe4 gxh2+ 66. Kh1 Kg4
67. b5 h3 68. b6 Kf4 69. b7 Ke3 70. b8=Q Kd4 71. Kxh2 Ke3 72. Kxh3 Kd4 73. Qb5
Ke3 74. Neg5 Kd4 75. Nd6 Ke3 76. Qc4 Kd2 77. Qb3 Ke2 78. Nge4 Kf1 79. Qb2 1-0